Exploraciones geológicas y geográficas en Méjico y en la América Central y Meridional (Record no. 49218)

MARC details
000 -LEADER
campo de control de longitud fija 00849nam a2200169 i 4500
001 - NÚMERO DE CONTROL
campo de control 49218
003 - IDENTIFICADOR DE NÚMERO DE CONTROL
campo de control ES-MaACL
005 - FECHA Y HORA DE LA ÚLTIMA TRANSACCIÓN
campo de control 20230906161915.0
007 - CAMPO FIJO DE DESCRIPCIÓN FÍSICA--INFORMACIÓN GENERAL
campo de control de longitud fija t|
008 - DATOS DE LONGITUD FIJA--INFORMACIÓN GENERAL
campo de control de longitud fija 030710s1893 sp ||||1| spa d
100 1# - ENTRADA PRINCIPAL--NOMBRE DE PERSONA
Nombre de persona Cortázar y Larrubia, Daniel de.
9 (RLIN) 40829
245 10 - MENCIÓN DEL TÍTULO
Título Exploraciones geológicas y geográficas en Méjico y en la América Central y Meridional
Resto del título : memoria /
Mención de responsabilidad, etc. leida por Daniel Cortazar... en el Congreso Geográfico Hispano-Portugués-Americano celebrado en Madrid en el mes de octubre de 1892.
260 ## - PUBLICACIÓN, DISTRIBUCIÓN, ETC.
Lugar de publicación, distribución, etc. Madrid :
Nombre del editor, distribuidor, etc. [s.n.],
Fecha de publicación, distribución, etc. 1893 (
Fabricante Imp. del "Memorial de Ingenieros")
300 ## - DESCRIPCIÓN FÍSICA
Extensión 17 p. ;
Dimensiones 27 cm.
711 04 - ENTRADA AGREGADA--NOMBRE DE REUNIÓN
Nombre de congreso/reunión o jurisdicción como elemento de entrada Congreso Geográfico Hispano-Portugués-Americano (
Fecha del congreso o de la firma del tratado 1892.
Sede del congreso/Lugar de la reunión Madrid)
9 (RLIN) 376
852 ## - LOCALIZACIÓN
Ubicación ES-MaACL
Número de control de estantería T-898-F-8
Nota libre .- Legado de Federico de Botella y de Hornos
-- .- Enc. en un vol. facticio conservando la cub. original
Holdings
Estatus retirado Estado de pérdida Estado de daño No para préstamo Colección Biblioteca de origen Biblioteca actual Ubicación en estantería Fecha de adquisición Fuente de adquisición Total de préstamos Signatura topográfica completa Código de barras Visto por última vez Precio de reemplazo Tipo de ítem Koha
        Colección de folletos Biblioteca del Ateneo de Madrid Biblioteca del Ateneo de Madrid Depósito folletos 17/01/2008     T-898-F-8 1051793 23/02/2023 23/02/2023 Folleto